Southville International School and Colleges
Your cart is empty.
  • Cart
  • Lists
    Public lists Eva Luna New books Lux_list list_1
    Your lists Log in to create your own lists
  • Log in to your account
  • Your cookies
  • Search history
Southville International School and Colleges
  • Advanced search
  • Recent comments
  • Most popular
  • Libraries

Log in to your account

Log in with GOOGLE


If you do not have an external account, but do have a local account, you can still log in:

  1. Home
  2. MARC view: Advanced accounting :
Normal view MARC view ISBD view

Advanced accounting : (Record no. 17768)

[ view plain ]
MARC details
000 -LEADER
fixed length control field 00565nam a22001937a 4500
003 - CONTROL NUMBER IDENTIFIER
control field OSt
005 - DATE AND TIME OF LATEST TRANSACTION
control field 20141027110052.0
008 - FIXED-LENGTH DATA ELEMENTS--GENERAL INFORMATION
fixed length control field 130204t xxu||||| |||| 00| 0 eng d
020 ## - INTERNATIONAL STANDARD BOOK NUMBER
International Standard Book Number 9789715090698
050 ## - LIBRARY OF CONGRESS CALL NUMBER
Classification number HF 5635
Item number .B345 2011
082 ## - DEWEY DECIMAL CLASSIFICATION NUMBER
Classification number HF5635
100 ## - MAIN ENTRY--PERSONAL NAME
Personal name Baysa, Gloria Tolentino
245 ## - TITLE STATEMENT
Title Advanced accounting :
Statement of responsibility, etc Gloria J. Tolentino-Baysa, Ma. Concepcion Yamat Lupisan
Remainder of title part 2 /
250 ## - EDITION STATEMENT
Remainder of edition statement 2011 ed.
260 ## - PUBLICATION, DISTRIBUTION, ETC. (IMPRINT)
Place of publication, distribution, etc Mandaluyong City :
Name of publisher, distributor, etc Millennium Books,
Date of publication, distribution, etc 2009.
300 ## - PHYSICAL DESCRIPTION
Extent 303 p. :
Dimensions 27cm
Other physical details ill. ;
942 ## - ADDED ENTRY ELEMENTS (KOHA)
Source of classification or shelving scheme Library of Congress Classification
Koha item type Books
Call number prefix Local
Holdings
Withdrawn status Lost status Source of classification or shelving scheme Damaged status Home library Current library Shelving location Date acquired Source of acquisition Total Checkouts Total Renewals Full call number Barcode Date last seen Date checked out Copy number Price effective from Koha item type
    Library of Congress Classification   College Library College Library Filipiniana Section 02/04/2013 Library Fund 5 14 HF 5635 .B345 2011 C12607 02/08/2019 02/06/2019 1 02/04/2013 Books

Advanced accounting :

APA

Baysa G. T., . (2009). Advanced accounting. Mandaluyong City: Millennium Books.

Chicago

Baysa Gloria Tolentino, . 2009. Advanced accounting. Mandaluyong City: Millennium Books.

Harvard

Baysa G. T., . (2009). Advanced accounting. Mandaluyong City: Millennium Books.

MLA

Baysa Gloria Tolentino, . Advanced accounting. Mandaluyong City: Millennium Books. 2009.

  • Place hold
  • Print
  • Cite
  • Add to your cart (remove)
  • Save record
    BIBTEX Dublin Core MARCXML MARC (non-Unicode/MARC-8) MARC (Unicode/UTF-8) MARC (Unicode/UTF-8, Standard) MODS (XML) RIS
  • More searches
    Search for this title in:
    Other Libraries (WorldCat) Other Databases (Google Scholar) Online Stores (Bookfinder.com) Open Library (openlibrary.org)

Exporting to Dublin Core...

SOUTHVILLE LIBRARY

Southville International School and Colleges Library

1281 Tropical Ave. Cor. Luxembourg St., BF Homes International, Las Pinas City

Tel. No. 8256374 / 252358 Loc. 117/146

Powered by Koha